¡Los ponzoñosos! / (Record no. 81599)

MARC details
000 -LEADER
campo de control de longitud fija 00451nam a2200157 i 4500
001 - NÚMERO DE CONTROL
campo de control 81599
003 - IDENTIFICADOR DE NÚMERO DE CONTROL
campo de control ES-MaACL
005 - FECHA Y HORA DE LA ÚLTIMA TRANSACCIÓN
campo de control 20230906174454.0
007 - CAMPO FIJO DE DESCRIPCIÓN FÍSICA--INFORMACIÓN GENERAL
campo de control de longitud fija t|
008 - DATOS DE LONGITUD FIJA--INFORMACIÓN GENERAL
campo de control de longitud fija 041105s1972 sp ||||1| spa d
100 1# - ENTRADA PRINCIPAL--NOMBRE DE PERSONA
Nombre de persona Hubert, Denise.
9 (RLIN) 64491
245 14 - MENCIÓN DEL TÍTULO
Título ¡Los ponzoñosos! /
Mención de responsabilidad, etc. Denise Hubert ; versión, Laura García Corella.
260 ## - PUBLICACIÓN, DISTRIBUCIÓN, ETC.
Lugar de publicación, distribución, etc. Bilbao :
Nombre del editor, distribuidor, etc. FHER,
Fecha de publicación, distribución, etc. [1972]
700 1# - ENTRADA AGREGADA--NOMBRE PERSONAL
Nombre de persona García Corella, Laura.
9 (RLIN) 54384
852 ## - LOCALIZACIÓN
Ubicación ES-MaACL
Número de control de estantería C-48626
Sublocalización o colección R.83869
Holdings
Estatus retirado Estado de pérdida Estado de daño No para préstamo Biblioteca de origen Biblioteca actual Ubicación en estantería Fecha de adquisición Fuente de adquisición Total de préstamos Signatura topográfica completa Código de barras Visto por última vez Precio de reemplazo Tipo de ítem Koha
        Biblioteca del Ateneo de Madrid Biblioteca del Ateneo de Madrid Depósito 2 17/01/2008     C-48626 1085294 23/02/2023 23/02/2023 Libro impreso